[Event "29th ECC Women 2025"]
[Site "Rhodes GRE"]
[Date "2025.10.25"]
[Round "7.8"]
[White "Bulmaga, Irina"]
[Black "Balabayeva, Xeniya"]
[Result "1-0"]
[WhiteTitle "IM"]
[BlackTitle "WGM"]
[WhiteElo "2396"]
[BlackElo "2349"]
[WhiteTeam "SuperChess"]
[BlackTeam "Sirmium Sremska Mitrovica"]
[WhiteFideId "13903063"]
[BlackFideId "13719688"]
[EventDate "2025.10.19"]

1. e4 e5 2. Nf3 Nc6 3. d4 exd4 4. Nxd4 Nf6 5. Nxc6 bxc6 6. Bd3 d5 7. exd5 cxd5
8. O-O Be7 9. c4 O-O 10. Nc3 Be6 11. cxd5 Nxd5 12. Nxd5 Qxd5 13. Qc2 h6 14. Bh7+
Kh8 15. Be4 Qc4 16. Qxc4 Bxc4 17. Bxa8 Bxf1 18. Bd5 Rd8 19. Bb3 Ba6 20. Be3 c5
21. Bxf7 c4 22. Re1 Kh7 23. h3 Bf6 24. Bc1 c3 25. bxc3 Bxc3 26. Re6 Bc4 27. Bg6+
Kh8 28. Re3 Bd4 29. Ra3 Rd6 30. Bh5 a6 31. Bf4 Rf6 32. Be3 Bxe3 33. fxe3 Rf1+
34. Kh2 Rf2 35. Ra4 Bd5 36. e4 Rxa2 37. Rd4 Bg8 38. Bg6 Rf2 39. e5 Rf8 40. Rd7
a5 41. Ra7 Be6 42. h4 Kg8 43. Rxa5 Rb8 44. Ra6 Bb3 45. h5 Kf8 46. Kg3 Rb7 47.
Kf4 Ke7 48. Be4 Rc7 49. Kf5 Bf7 50. g4 Bc4 51. Rd6 Bf7 52. Bd5 Be8 53. Rb6 Ra7
54. Bb3 Rc7 55. Ra6 Bd7+ 56. Be6 Be8 57. Bd5 Bd7+ 58. e6 Be8 59. Ke5 Bb5 60. Ra8
Be8 61. Ra5 g6 62. g5 gxh5 63. gxh6 Kf8 64. Ra8 h4 65. Kf6 h3 66. Bc6 Rxc6 67.
h7 Rxe6+ 68. Kxe6 1-0

[Event "29th ECC Women 2025"]
[Site "Rhodes GRE"]
[Date "2025.10.25"]
[Round "7.9"]
[White "Zhu, Jiner"]
[Black "Ushenina, Anna"]
[Result "1-0"]
[WhiteTitle "GM"]
[BlackTitle "GM"]
[WhiteElo "2569"]
[BlackElo "2407"]
[WhiteTeam "Tajfun SK Ljubljana"]
[BlackTeam "CE Gambit Bonnevoie"]
[WhiteFideId "8608059"]
[BlackFideId "14110911"]
[EventDate "2025.10.19"]

1. d4 d5 2. c4 e6 3. Nc3 h6 4. Nf3 Nf6 5. Bf4 Bd6 6. Bxd6 Qxd6 7. e3 O-O 8. Rc1
Qe7 9. a3 dxc4 10. Bxc4 c5 11. O-O Rd8 12. Qe2 cxd4 13. exd4 Nc6 14. Rcd1 Nd5
15. Ne4 b6 16. Rfe1 Bb7 17. h4 Rac8 18. Ba2 Nb8 19. Bb1 Ba6 20. Qd2 Nd7 21. Ng3
N7f6 22. Ne5 Nd7 23. Nf3 N7f6 24. Nf5 Qf8 25. Ne3 Qd6 26. Ne5 Bb5 27. Nxd5 Nxd5
28. Re4 Nf6 29. Rf4 Rc7 30. Re1 Rdc8 31. Rxf6 gxf6 32. Qxh6 fxe5 33. Bh7+ Kh8
34. Bg6+ Kg8 35. Bh7+ Kh8 36. Bb1+ Kg8 37. dxe5 Qc5 38. Bh7+ Kh8 39. Be4+ Kg8
40. Re3 Qxe3 41. fxe3 Rc1+ 42. Kh2 Be8 43. Qg5+ Kf8 44. h5 Rf1 45. h6 1-0

[Event "29th ECC Women 2025"]
[Site "Rhodes GRE"]
[Date "2025.10.25"]
[Round "7.10"]
[White "Maltsevskaya, Aleksandra"]
[Black "Dzagnidze, Nana"]
[Result "1/2-1/2"]
[WhiteTitle "IM"]
[BlackTitle "GM"]
[WhiteElo "2394"]
[BlackElo "2496"]
[WhiteTeam "CE Gambit Bonnevoie"]
[BlackTeam "Tajfun SK Ljubljana"]
[WhiteFideId "24174041"]
[BlackFideId "13601903"]
[EventDate "2025.10.19"]

1. e4 c5 2. Nc3 a6 3. g3 b5 4. Bg2 Bb7 5. d3 e6 6. Nh3 Nf6 7. O-O b4 8. Na4 d5
9. Bg5 dxe4 10. dxe4 Qxd1 11. Rfxd1 Nbd7 12. a3 Be7 13. Nf4 Rd8 14. e5 Bxg2 15.
exf6 gxf6 16. Bxf6 Bxf6 17. Kxg2 Ke7 18. Re1 Be5 19. Nd3 Bd6 20. b3 bxa3 21. c4
Rb8 22. Rxa3 Rhc8 23. Nc3 Rc6 24. Ne4 Rcb6 25. Re3 Rxb3 26. Rxa6 R8b6 27. Ra5 h6
28. Ndxc5 Rxe3 29. fxe3 Rb2+ 30. Kh3 Nxc5 31. Nxc5 Bxc5 32. Rxc5 Re2 33. Rh5
Rxe3 34. Rxh6 Rc3 35. Rh4 e5 36. Re4 Ke6 37. Kg2 Rc2+ 38. Kg1 f5 39. Rh4 e4 40.
Rh8 Ke5 41. h4 Rxc4 42. Kf2 Rc2+ 43. Ke3 Rc3+ 44. Kf2 1/2-1/2

[Event "29th ECC Women 2025"]
[Site "Rhodes GRE"]
[Date "2025.10.25"]
[Round "7.11"]
[White "Badelka, Olga"]
[Black "Danielian, Elina"]
[Result "1/2-1/2"]
[WhiteTitle "IM"]
[BlackTitle "GM"]
[WhiteElo "2377"]
[BlackElo "2410"]
[WhiteTeam "Tajfun SK Ljubljana"]
[BlackTeam "CE Gambit Bonnevoie"]
[WhiteFideId "13509926"]
[BlackFideId "13300210"]
[EventDate "2025.10.19"]

1. e4 c6 2. d4 d5 3. exd5 cxd5 4. c4 Nf6 5. Nc3 e6 6. c5 Be7 7. Bb5+ Bd7 8.
Bxd7+ Qxd7 9. Nf3 O-O 10. Ne5 Qc8 11. Bf4 Nc6 12. O-O Nxe5 13. Bxe5 Nd7 14. Bf4
b6 15. b4 bxc5 16. bxc5 Qa6 17. Qb3 Bf6 18. Rfd1 Rfc8 19. Rab1 h5 20. Bd6 Qc6
21. Qb7 Nb8 22. Qb3 Qe8 23. Ne2 g6 24. Qf3 Bg7 25. g4 hxg4 26. Qxg4 Nc6 27. Rb3
Ne7 28. Ng3 Nf5 29. Nxf5 exf5 30. Qf4 Qa4 31. Qf3 Qc6 32. Re3 Re8 33. Be5 Bxe5
34. Rxe5 Rxe5 35. dxe5 Qxc5 36. Qxd5 Rc8 37. Kg2 1/2-1/2

[Event "29th ECC Women 2025"]
[Site "Rhodes GRE"]
[Date "2025.10.25"]
[Round "7.12"]
[White "Kulon, Klaudia"]
[Black "Vantika, Agrawal"]
[Result "1-0"]
[WhiteTitle "IM"]
[BlackTitle "IM"]
[WhiteElo "2336"]
[BlackElo "2377"]
[WhiteTeam "CE Gambit Bonnevoie"]
[BlackTeam "Tajfun SK Ljubljana"]
[WhiteFideId "1131044"]
[BlackFideId "25050389"]
[EventDate "2025.10.19"]

1. e4 c5 2. Nc3 Nc6 3. f4 g6 4. Nf3 Bg7 5. a4 a6 6. Be2 d6 7. O-O e6 8. Qe1 Nge7
9. d3 O-O 10. Bd1 f5 11. Kh1 Nd4 12. Nd2 e5 13. fxe5 dxe5 14. Nc4 f4 15. Nd5
Nxd5 16. exd5 Bf5 17. a5 Rb8 18. Nb6 g5 19. c3 Nb5 20. Be2 Nd6 21. Qd1 e4 22.
dxe4 Nxe4 23. Bg4 Qd6 24. Bxf5 Rxf5 25. Kg1 Re8 26. Ra4 Qd8 27. Rc4 Rfe5 28. b3
R5e7 29. Qf3 Qd6 30. b4 cxb4 31. Nc8 Qxd5 32. Nxe7+ Rxe7 33. Rc8+ Bf8 34. Rd1
Qxa5 35. Rdd8 Qb6+ 36. Kf1 Kg7 37. Rxf8 bxc3 38. Rg8+ Kf6 39. Bxf4 Qb1+ 40. Bc1+
Ke5 41. Rxg5+ Nxg5 42. Rc5+ Ke6 43. Qd5+ Kf6 44. Qxg5+ Kf7 45. Rf5+ Ke8 46. Qh5+
Kd7 47. Qd1+ Kc6 48. Rf6+ Kb5 49. Qd5+ Ka4 50. Rf4+ 1-0

[Event "29th ECC Women 2025"]
[Site "Rhodes GRE"]
[Date "2025.10.25"]
[Round "7.13"]
[White "Osmak, Yuliia"]
[Black "Sivanandan, Bodhana"]
[Result "1-0"]
[WhiteTitle "IM"]
[BlackTitle "WFM"]
[WhiteElo "2464"]
[BlackElo "2205"]
[WhiteTeam "C'Chartres échecs"]
[BlackTeam "She plays to win Lionesses #1"]
[WhiteFideId "14101602"]
[BlackFideId "497592"]
[EventDate "2025.10.19"]

1. e4 e5 2. Bc4 Nf6 3. d3 c6 4. Nf3 d5 5. Bb3 Bb4+ 6. c3 Bd6 7. exd5 cxd5 8. Bg5
Be6 9. O-O O-O 10. c4 d4 11. Nbd2 Nc6 12. Re1 h6 13. Bh4 Re8 14. Ba4 Bg4 15. a3
Rc8 16. b4 b6 17. h3 Bf5 18. Bxf6 Qxf6 19. Bxc6 Rxc6 20. Nxd4 Rcc8 21. Nxf5 Qxf5
22. Ne4 Red8 23. Nc3 Bf8 24. Nd5 Rc6 25. Re3 b5 26. Qe2 Qc8 27. Rd1 Qa6 28. Rxe5
Qxa3 29. Re8 Rxe8 30. Qxe8 Re6 31. Qxb5 Qb3 32. Rf1 a6 33. Qa5 Rd6 34. Nf4 Rf6
35. Qe5 Bd6 36. Qe8+ Kh7 37. Nd5 Rg6 38. Qe4 Kg8 39. c5 Re6 40. Qc4 Qxc4 41.
dxc4 Bf8 42. Ra1 g6 43. Kf1 Kg7 44. Nb6 Be7 45. Rxa6 Bf6 46. Ra3 Bg5 47. Rd3 Re7
48. c6 Ra7 49. g3 Bf6 50. Rd7 Ra1+ 51. Kg2 Be5 52. c7 Bxc7 53. Rxc7 Rb1 54. Nd5
Rb2 55. b5 g5 56. b6 Kg6 57. b7 h5 58. Rc6+ 1-0

[Event "29th ECC Women 2025"]
[Site "Rhodes GRE"]
[Date "2025.10.25"]
[Round "7.14"]
[White "Subramanian, Anusha"]
[Black "Daulyte-Cornette, Deimante"]
[Result "0-1"]
[WhiteTitle "WFM"]
[BlackTitle "IM"]
[WhiteElo "2056"]
[BlackElo "2386"]
[WhiteTeam "She plays to win Lionesses #1"]
[BlackTeam "C'Chartres échecs"]
[WhiteFideId "477710"]
[BlackFideId "12802859"]
[EventDate "2025.10.19"]

1. Nf3 d5 2. b3 c5 3. e3 Nf6 4. Bb2 e6 5. c4 Nc6 6. cxd5 exd5 7. Bb5 Bd6 8. O-O
O-O 9. Be2 d4 10. exd4 cxd4 11. a3 Re8 12. d3 Nd5 13. Re1 Qf6 14. Nbd2 Bf5 15.
Nf1 Nf4 16. Ng3 Nxe2+ 17. Rxe2 Bg4 18. Ne4 Qe6 19. Re1 Qg6 20. Kh1 Bc7 21. b4
Qh5 22. h3 Bxh3 23. gxh3 Qxh3+ 24. Kg1 Re6 25. Neg5 Rg6 26. Re4 Ne5 27. Rxe5
Bxe5 28. Bxd4 Bxd4 29. Ra2 Qg4+ 30. Kf1 Rxg5 0-1

[Event "29th ECC Women 2025"]
[Site "Rhodes GRE"]
[Date "2025.10.25"]
[Round "7.15"]
[White "Schippke, Manon"]
[Black "Weersing, Abigail Riis"]
[Result "1-0"]
[WhiteTitle "WIM"]
[BlackTitle "WFM"]
[WhiteElo "2359"]
[BlackElo "2032"]
[WhiteTeam "C'Chartres échecs"]
[BlackTeam "She plays to win Lionesses #1"]
[WhiteFideId "45100446"]
[BlackFideId "460036"]
[EventDate "2025.10.19"]

1. Nf3 Nf6 2. b3 d5 3. Bb2 e6 4. e3 c5 5. c4 dxc4 6. bxc4 Be7 7. Nc3 Nc6 8. a3
O-O 9. Qc2 b6 10. Be2 Bb7 11. Rg1 Ne8 12. g4 Na5 13. d3 Nd6 14. g5 Nf5 15. Ne4
b5 16. Nf6+ Kh8 17. Nh5 Rb8 18. cxb5 Bxf3 19. Bxf3 Rxb5 20. Be4 Rg8 21. a4 Rb3
22. Bc3 c4 23. Rd1 Qb6 24. Ke2 Bb4 25. Be5 Bd6 26. Ba1 c3 27. Bxc3 Qc7 28. Rc1
Rc8 29. Bxf5 Be5 30. d4 exf5 31. dxe5 Qc4+ 32. Qd3 Rxc3 33. Rxc3 Qxc3 34. Qxc3
Rxc3 35. Rd1 Rc2+ 36. Kf1 Rc8 37. Rd7 Nc6 38. Rxf7 a5 39. e6 Re8 40. Nxg7 Rg8
41. Nxf5 Nd8 42. Rf6 1-0

[Event "29th ECC Women 2025"]
[Site "Rhodes GRE"]
[Date "2025.10.25"]
[Round "7.16"]
[White "Ashton, Alannah"]
[Black "Tomasi, Elise"]
[Result "1-0"]
[WhiteTitle "WCM"]
[BlackTitle "WFM"]
[WhiteElo "1928"]
[BlackElo "2095"]
[WhiteTeam "She plays to win Lionesses #1"]
[BlackTeam "C'Chartres échecs"]
[WhiteFideId "480681"]
[BlackFideId "26088843"]
[EventDate "2025.10.19"]

1. e4 e5 2. Nf3 Nc6 3. Bb5 f5 4. d3 fxe4 5. dxe4 Nf6 6. O-O d6 7. Bc4 Bg4 8.
Nbd2 Qd7 9. c3 O-O-O 10. Qa4 Bxf3 11. Nxf3 Nxe4 12. Be3 d5 13. Bb5 Qe6 14. Bxc6
bxc6 15. Bxa7 Kd7 16. c4 Ke7 17. Rac1 Rd7 18. cxd5 cxd5 19. Rc6 Qf5 20. Rfc1 Kf7
21. Rxc7 Rxc7 22. Rxc7+ Kg8 23. Qc6 Nf6 24. h3 h6 25. Rc8 Kh7 26. Qa8 Ne4 27.
Re8 Qf4 28. Be3 Qf6 29. Nxe5 Qf5 30. g4 Qf6 31. Nd7 Qf3 32. Nxf8+ 1-0

[Event "29th ECC Women 2025"]
[Site "Rhodes GRE"]
[Date "2025.10.25"]
[Round "7.17"]
[White "Bivol, Alina"]
[Black "Van Amerongen, Marleen"]
[Result "1-0"]
[WhiteTitle "IM"]
[WhiteElo "2361"]
[BlackElo "2057"]
[WhiteTeam "Crvena Zvezda"]
[BlackTeam "De Stukkenjagers"]
[WhiteFideId "4100123"]
[BlackFideId "1002503"]
[EventDate "2025.10.19"]

1. e4 d5 2. exd5 Qxd5 3. Nc3 Qd6 4. d4 Nf6 5. Nf3 g6 6. g3 Bg7 7. Bg2 Qa6 8. Qe2
Bf5 9. Nb5 O-O 10. c4 c6 11. Nc3 Nbd7 12. O-O Bg4 13. Re1 e6 14. Qf1 Bxf3 15.
Bxf3 Rfd8 16. Be3 Nb6 17. Be2 Na4 18. Rec1 c5 19. Nb5 Ne8 20. Bg5 Rxd4 21. Nxd4
Bxd4 22. Rab1 Bxb2 23. Rc2 Bd4 24. Rb3 Nd6 25. Bf3 e5 26. Ra3 Re8 27. Bd5 b5 28.
cxb5 Nxb5 29. Qc4 Nc7 30. Bxf7+ 1-0

[Event "29th ECC Women 2025"]
[Site "Rhodes GRE"]
[Date "2025.10.25"]
[Round "7.18"]
[White "Van Amerongen-Jansen, Peggy"]
[Black "Velikic, Adela"]
[Result "0-1"]
[BlackTitle "WIM"]
[WhiteElo "2030"]
[BlackElo "2261"]
[WhiteTeam "De Stukkenjagers"]
[BlackTeam "Crvena Zvezda"]
[WhiteFideId "1001728"]
[BlackFideId "913553"]
[EventDate "2025.10.19"]

1. e4 c5 2. Nf3 d6 3. Bb5+ Nd7 4. c3 Nf6 5. Qe2 a6 6. Ba4 Qc7 7. O-O b5 8. Bc2
Bb7 9. d3 e6 10. h3 Be7 11. Bf4 O-O 12. Nbd2 Rfe8 13. Rac1 e5 14. Bh2 Bf8 15.
Rfe1 g6 16. Nf1 Bh6 17. Rcd1 Rac8 18. g4 Bg7 19. c4 Nf8 20. Ne3 Ne6 21. Nd5 Qd8
22. Bg3 Rb8 23. b3 h5 24. Nxf6+ Qxf6 25. gxh5 gxh5 26. h4 Bc8 27. Kh2 Nf4 28.
Qf1 Bg4 29. Ng5 Bxd1 30. Bxd1 Bh6 31. Qg1 Kh8 32. Bxf4 Qxf4+ 33. Qg3 Bxg5 34.
hxg5 Kg7 35. Qxf4 exf4 36. Kg2 Re5 37. Kf3 Rxg5 38. Kxf4 Kf6 39. Bf3 Rh8 40. Rh1
Kg6 41. Be2 f6 42. Bf1 Kf7 43. Bh3 Ke7 44. Ke3 bxc4 45. dxc4 Rhg8 46. Bf5 Kd8
47. Rh3 Kc7 48. Kf4 Rh8 49. Be6 Rg2 50. Rf3 Kd8 51. Bh3 Rg1 52. Bf5 Rhg8 53. Rh3
R8g5 54. Ke3 Kc7 55. Be6 Ra1 56. f4 Rg7 57. Rxh5 Rg3+ 58. Kf2 Rc3 59. Rh7+ Kb6
60. Bg4 Rxa2+ 61. Ke1 Rc1+ 62. Bd1 Raa1 63. Rh6 Rxd1+ 64. Ke2 Rd4 0-1

[Event "29th ECC Women 2025"]
[Site "Rhodes GRE"]
[Date "2025.10.25"]
[Round "7.19"]
[White "Mehmed, Elif"]
[Black "De Wit, Patricia"]
[Result "1-0"]
[WhiteTitle "WGM"]
[WhiteElo "2295"]
[BlackElo "2006"]
[WhiteTeam "Crvena Zvezda"]
[BlackTeam "De Stukkenjagers"]
[WhiteFideId "2921103"]
[BlackFideId "1002147"]
[EventDate "2025.10.19"]

1. e4 c6 2. d4 d5 3. Nc3 dxe4 4. Nxe4 Nf6 5. Nxf6+ exf6 6. Be3 Be6 7. Bd3 Bd6 8.
Ne2 O-O 9. c4 a6 10. Qc2 h6 11. Nc3 Re8 12. O-O Qc7 13. g3 b5 14. c5 Bf8 15.
Rad1 a5 16. d5 cxd5 17. Nxb5 Qb7 18. Bf4 Na6 19. c6 Qc8 20. a3 Nc5 21. Nc7 Bh3
22. Nxe8 Qxc6 23. Nc7 d4 24. Be4 1-0

[Event "29th ECC Women 2025"]
[Site "Rhodes GRE"]
[Date "2025.10.25"]
[Round "7.20"]
[White "Do, Huong"]
[Black "Srdanovic, Jovana"]
[Result "0-1"]
[BlackTitle "WIM"]
[WhiteElo "1838"]
[BlackElo "2198"]
[WhiteTeam "De Stukkenjagers"]
[BlackTeam "Crvena Zvezda"]
[WhiteFideId "1060864"]
[BlackFideId "954810"]
[EventDate "2025.10.19"]

1. Nf3 d5 2. d4 Nf6 3. Bf4 c5 4. dxc5 e6 5. e3 Bxc5 6. c3 O-O 7. Be2 Nc6 8. O-O
Re8 9. Nbd2 e5 10. Bg3 a6 11. Nb3 Ba7 12. Bh4 Be6 13. Bg3 Nd7 14. Re1 Qe7 15.
Nbd2 Rad8 16. Qa4 Bb8 17. a3 Nc5 18. Qh4 f6 19. b4 Na4 20. Rac1 b5 21. e4 d4 22.
cxd4 Nxd4 23. Bf1 Ba7 24. h3 Qf7 25. Bh2 Rc8 26. g4 Nc2 27. Re2 Nc3 28. g5 Nxe2+
29. Bxe2 Nd4 30. Re1 Rc1 31. Kf1 Nxe2 32. Kxe2 Bc4+ 0-1

[Event "29th ECC Women 2025"]
[Site "Rhodes GRE"]
[Date "2025.10.25"]
[Round "7.21"]
[White "Drakaki, Anna-Maria"]
[Black "Krasteva, Beloslava"]
[Result "1/2-1/2"]
[BlackTitle "FM"]
[WhiteElo "1929"]
[BlackElo "2316"]
[WhiteTeam "Aris Thessalonikis"]
[BlackTeam "MSK Centar ASEE"]
[WhiteFideId "4225210"]
[BlackFideId "2922029"]
[EventDate "2025.10.19"]

1. d4 Nf6 2. c4 d6 3. Nf3 g6 4. Nc3 Bf5 5. e3 Bg7 6. Bd3 Bxd3 7. Qxd3 Nbd7 8.
O-O O-O 9. e4 e5 10. dxe5 dxe5 11. Rd1 c6 12. Be3 Re8 13. c5 a5 14. Qc4 Qe7 15.
Na4 h6 16. h3 Nh5 17. g3 Kh8 18. Kg2 Nf8 19. Nb6 Rad8 20. Rd6 Ne6 21. Rad1 Nd4
22. Nh4 Kh7 23. Bd2 Nb5 24. Bxa5 Rxd6 25. cxd6 Nxd6 26. Qe2 Qg5 27. Qg4 Re6 28.
Bb4 Nf6 29. Qxg5 hxg5 30. Rxd6 Rxd6 31. Bxd6 Nxe4 32. Nf3 Nxd6 33. Nxg5+ Kg8 34.
b3 Kf8 35. Nd7+ Ke7 36. Nc5 Bh6 37. Nf3 f6 38. Nh4 Kf7 39. Nf3 Bc1 40. Nd3 Ba3
41. Nfe1 e4 42. Nf4 f5 43. h4 Kf6 44. Ne2 Bc5 45. Nc2 Nf7 46. Nc3 Ne5 47. Kf1
Nd3 48. Nd1 Ke5 49. a3 Nc1 50. b4 Ba7 51. Nde3 b5 52. Ke1 c5 53. Kd2 Nd3 54. f4+
Ke6 55. bxc5 Bxc5 56. Kc3 Nf2 57. Nd4+ Kf6 58. Nd5+ Kf7 59. h5 Bxd4+ 60. Kxd4
gxh5 61. Ne3 Ke6 62. Kc5 Ng4 63. Nc2 Nf2 64. Nd4+ Kf6 65. Kxb5 Nh1 66. a4 Nxg3
67. a5 h4 68. a6 h3 69. a7 h2 70. a8=Q h1=Q 71. Qf8+ Kg6 72. Qg8+ Kf6 73. Qe6+
Kg7 74. Qe7+ Kh8 1/2-1/2

[Event "29th ECC Women 2025"]
[Site "Rhodes GRE"]
[Date "2025.10.25"]
[Round "7.22"]
[White "Radeva, Viktoria"]
[Black "Amiridou, Dimitra"]
[Result "1-0"]
[WhiteTitle "WGM"]
[WhiteElo "2292"]
[BlackElo "1954"]
[WhiteTeam "MSK Centar ASEE"]
[BlackTeam "Aris Thessalonikis"]
[WhiteFideId "2915405"]
[BlackFideId "4218230"]
[EventDate "2025.10.19"]

1. e4 e5 2. Nf3 Nc6 3. Nc3 Nf6 4. h3 h6 5. d4 exd4 6. Nxd4 Bb4 7. Nxc6 bxc6 8.
Bd3 O-O 9. O-O Re8 10. Re1 d6 11. Bd2 c5 12. a3 Ba5 13. Qf3 Rb8 14. Rab1 Nd7 15.
Qg3 Kh8 16. f4 c6 17. Kh1 Bc7 18. Rbd1 Nf6 19. Qf3 d5 20. e5 Ng8 21. b3 Bd7 22.
Re2 f6 23. Qh5 fxe5 24. fxe5 Re6 25. Rf1 Ne7 26. Na4 Qg8 27. Nxc5 Be8 28. Qf3
Rxe5 29. Na6 Bh5 30. g4 Rxe2 31. Qxe2 Re8 32. Nxc7 Nf5 33. Qf2 Rf8 34. Bxf5 Qf7
35. gxh5 Qxc7 36. Qg2 Qe5 37. Qg6 1-0

[Event "29th ECC Women 2025"]
[Site "Rhodes GRE"]
[Date "2025.10.25"]
[Round "7.23"]
[White "Tsekoura, Vaia"]
[Black "Manova, Ivana"]
[Result "1-0"]
[BlackTitle "WFM"]
[WhiteElo "1872"]
[BlackElo "2010"]
[WhiteTeam "Aris Thessalonikis"]
[BlackTeam "MSK Centar ASEE"]
[WhiteFideId "25828070"]
[BlackFideId "15003590"]
[EventDate "2025.10.19"]

1. e4 e5 2. Nf3 Nc6 3. Bb5 g6 4. c3 a6 5. Ba4 Bg7 6. O-O b5 7. Bc2 d6 8. h3 Nge7
9. d4 exd4 10. cxd4 O-O 11. Bg5 h6 12. Be3 f5 13. Qc1 g5 14. exf5 Bxf5 15. Bxf5
Rxf5 16. Nc3 Qd7 17. Qd1 Raf8 18. Kh2 Ng6 19. Ng1 Nf4 20. Nge2 b4 21. Ne4 Kh8
22. N2g3 Rd5 23. Nh5 Bxd4 24. Bxf4 Qf5 25. Neg3 Qf7 26. Qa4 gxf4 27. Qxc6 Rc5
28. Qxa6 Rg8 29. Qe2 Re5 30. Qd2 fxg3+ 31. Nxg3 Be3 32. fxe3 Qg7 33. Rf3 h5 34.
Qf2 Rg5 35. Rg1 Qe5 36. Rf4 d5 37. Kh1 Rxg3 38. Rf5 Qe8 39. Rf7 Qe6 40. Rf3 h4
41. Rxg3 Rxg3 42. Rf1 Qe7 43. Qf5 Rxe3 44. Qxd5 Re1 45. Qd4+ Kg8 46. Qg4+ Kh7
47. Qf5+ Kg7 48. Rxe1 Qxe1+ 49. Kh2 Qg3+ 50. Kg1 Qe1+ 51. Qf1 Qe4 52. Qd1 Qe3+
53. Kh1 Kh6 54. b3 Qf4 55. Qe1 Kg7 56. Qe7+ Kh8 57. Qd8+ Kg7 58. Qd7+ Kh6 59.
Qe6+ Kh5 60. Qc4 Qf6 61. Qxc7 Qa1+ 62. Kh2 Qxa2 63. Qc5+ Kg6 64. Qxb4 Qc2 65.
Qd6+ Kf7 66. b4 Qb3 67. Qf4+ 1-0

[Event "29th ECC Women 2025"]
[Site "Rhodes GRE"]
[Date "2025.10.25"]
[Round "7.24"]
[White "Petrovska, Katerina"]
[Black "Mitraka, Chrysoula-Paraskevi"]
[Result "1/2-1/2"]
[WhiteElo "1880"]
[BlackElo "1792"]
[WhiteTeam "MSK Centar ASEE"]
[BlackTeam "Aris Thessalonikis"]
[WhiteFideId "15002551"]
[BlackFideId "2409968"]
[EventDate "2025.10.19"]

1. e4 c6 2. d4 d5 3. e5 c5 4. Nf3 cxd4 5. Qxd4 Nc6 6. Qf4 e6 7. Nc3 Nb4 8. Qd2
Bd7 9. a3 Nc6 10. Bd3 Nge7 11. Nb5 Ng6 12. Bxg6 hxg6 13. Nd6+ Bxd6 14. exd6 Qf6
15. Qf4 Qxf4 16. Bxf4 f6 17. O-O-O Kf7 18. Be3 Rhd8 19. h4 b6 20. h5 gxh5 21.
Rxh5 Rh8 22. Rxh8 Rxh8 23. a4 Na5 24. b3 Rc8 25. Kb2 Rc6 26. Bf4 Nb7 27. Nd4 Rc8
28. Nf3 e5 29. Be3 d4 30. Bd2 Nxd6 31. c3 Bg4 32. cxd4 e4 33. Bb4 exf3 34. Bxd6
fxg2 35. Re1 Rh8 36. Rg1 Rh1 37. Rxg2 Be6 38. Rh2 Rd1 39. Bb8 a6 40. Ba7 Rxd4
41. Bxb6 Rb4 42. a5 Rxb3+ 43. Kc2 Ra3 44. Kd2 Kg8 45. Rg2 g5 46. Rg3 Ra2+ 47.
Ke3 Kf7 48. Rg1 Rc2 49. Kd3 Bf5+ 50. Ke3 g4 51. Kf4 Kg6 52. Rd1 Rc3 53. Be3 Ra3
54. Rd5 Ra4+ 55. Kg3 Ra1 56. Bb6 Be4 57. Rd6 Kf5 58. Rxf6+ Kg5 59. Be3+ Kxf6 60.
Bd4+ Kf5 1/2-1/2

[Event "29th ECC Women 2025"]
[Site "Rhodes GRE"]
[Date "2025.10.25"]
[Round "7.25"]
[White "Kondou, Eva"]
[Black "Tokhirjonova, Gulrukhbegim"]
[Result "0-1"]
[WhiteTitle "WIM"]
[BlackTitle "IM"]
[WhiteElo "2004"]
[BlackElo "2370"]
[WhiteTeam "Ippotis Rhodes chess club"]
[BlackTeam "SK Zmaj"]
[WhiteFideId "4200942"]
[BlackFideId "14203626"]
[EventDate "2025.10.19"]

1. e4 e5 2. Nf3 Nc6 3. Bb5 a6 4. Ba4 Nf6 5. O-O Be7 6. Re1 b5 7. Bb3 d6 8. c3
O-O 9. h3 Bb7 10. d3 Na5 11. Bc2 c5 12. Nbd2 Re8 13. Nf1 Bf8 14. Bg5 h6 15. Bh4
c4 16. d4 g5 17. dxe5 dxe5 18. Bg3 Qc7 19. h4 g4 20. N3h2 Rad8 21. Qe2 h5 22. f3
Bc8 23. Kh1 Bh6 24. Rad1 Nc6 25. Ne3 Bf4 26. Qf2 Rxd1 27. Rxd1 Qa7 28. Nd5 Nxd5
29. exd5 Qxf2 30. Bxf2 g3 31. Bb6 Nd4 32. cxd4 gxh2 33. dxe5 Bxe5 34. Re1 Bd7
35. f4 Bxf4 36. Rxe8+ Bxe8 37. Bf5 Bd6 38. Bc8 b4 39. Bxa6 c3 40. Bd4 c2 41. Be3
f6 42. Bd3 Bf7 43. Be4 Kg7 44. Bc1 Bg6 45. Bf3 Kh7 46. a4 b3 47. a5 Bf8 48. d6
Bxd6 49. a6 Bb8 50. Bd5 Bd3 51. Bxb3 Kg6 52. Bxc2 Bxc2 53. Be3 Be4 54. b4 Kf5
55. b5 Kg4 56. Bf2 Bg3 57. Be3 Bd3 58. a7 Be4 59. b6 Bxh4 60. Kxh2 Bg3+ 61. Kg1
h4 62. Bd4 f5 63. Bf6 Bd6 64. Bd4 f4 65. Bf2 Be5 66. Kf1 Bb7 67. Kg1 Bc3 68. Bc5
Bd2 69. Kf2 Be3+ 70. Bxe3 fxe3+ 71. Kxe3 Bxg2 0-1

[Event "29th ECC Women 2025"]
[Site "Rhodes GRE"]
[Date "2025.10.25"]
[Round "7.26"]
[White "Malikova, Marjona"]
[Black "Kiousi, Panagiota"]
[Result "1/2-1/2"]
[WhiteTitle "WIM"]
[WhiteElo "2042"]
[BlackElo "2010"]
[WhiteTeam "SK Zmaj"]
[BlackTeam "Ippotis Rhodes chess club"]
[WhiteFideId "14212463"]
[BlackFideId "25803476"]
[EventDate "2025.10.19"]

1. e4 c5 2. Nf3 d6 3. Bb5+ Nd7 4. c3 Nf6 5. Bd3 a6 6. O-O b5 7. a4 c4 8. Bc2 Bb7
9. axb5 axb5 10. Rxa8 Qxa8 11. d3 cxd3 12. Bxd3 Bxe4 13. Bxe4 Nxe4 14. Na3 Qb7
15. Re1 d5 16. Nd4 e6 17. Naxb5 Be7 18. f3 Nef6 19. b4 O-O 20. Bf4 Nh5 21. Bc7
Rc8 22. Bd6 Bf6 23. g4 Bxd4+ 24. Nxd4 Nhf6 25. Qd3 Qb6 26. Bg3 Qa7 27. Kg2 Qa3
28. Nb5 Qa6 29. Qf1 Qb6 30. Bf2 Qb8 31. Ra1 Qf4 32. Bg3 Qd2+ 33. Qf2 Qd3 34. Qf1
Qd2+ 35. Qf2 Qd3 36. Qf1 Qd2+ 1/2-1/2

[Event "29th ECC Women 2025"]
[Site "Rhodes GRE"]
[Date "2025.10.25"]
[Round "7.27"]
[White "Korinioti, Myrto"]
[Black "Salimova, Asal"]
[Result "0-1"]
[BlackTitle "WCM"]
[WhiteElo "1546"]
[BlackElo "2123"]
[WhiteTeam "Ippotis Rhodes chess club"]
[BlackTeam "SK Zmaj"]
[WhiteFideId "42153743"]
[BlackFideId "14204940"]
[EventDate "2025.10.19"]

1. e4 e6 2. d4 d5 3. e5 c5 4. c3 Nc6 5. Nf3 Bd7 6. a3 f6 7. b4 cxd4 8. cxd4 Rc8
9. Bb2 Nh6 10. Be2 Be7 11. O-O O-O 12. Nbd2 a5 13. b5 Nb8 14. a4 Be8 15. Nb3 Bg6
16. Rc1 b6 17. Nh4 Bf7 18. Nf3 Nd7 19. Rxc8 Qxc8 20. Qc1 fxe5 21. dxe5 Nc5 22.
Nxc5 bxc5 23. Qd2 Qc7 24. Rc1 Qb6 25. Ba3 Bh5 26. Nd4 Bxe2 27. Qxe2 Rf4 28. Nc6
Bf8 29. Qc2 Rc4 30. Qd1 Re4 31. h3 Nf7 32. Qc2 Qc7 33. Bxc5 Rc4 34. Bd6 Rxc2 35.
Bxc7 Rxc1+ 36. Kh2 Bc5 37. Nxa5 Bxf2 38. b6 Bxb6 39. Bxb6 Ra1 40. Nc6 Rxa4 41.
Ne7+ Kf8 42. Bc5 Ke8 43. Bd6 Nxd6 0-1